Η δημιουργικότητα είναι επιλογή / (Record no. 9983)
[ view plain ]
| 000 -LEADER | |
|---|---|
| fixed length control field | 03576nam a22002777a 4500 |
| 003 - ΤΑΥΤΟΤΗΤΑ ΤΟΥ ΑΡΙΘΜΟΥ ΕΛΕΓΧΟΥ | |
| Πεδίο ελέγχου | GR-AtMCL |
| 005 - ΗΜΕΡΟΜΗΝΙΑ ΚΑΙ ΩΡΑ ΤΕΛΕΥΤΑΙΑΣ ΕΝΗΜΕΡΩΣΗΣ | |
| Πεδίο ελέγχου | 20251209142948.0 |
| 006 - FIXED-LENGTH DATA ELEMENTS--ADDITIONAL MATERIAL CHARACTERISTICS | |
| Πεδίο ελέγχου σταθερού μήκους | a|||||r||||||||||| |
| 008 - FIXED-LENGTH DATA ELEMENTS--GENERAL INFORMATION | |
| Πεδίο ελέγχου σταθερού μήκους | s202302 gr |||||||||||||||||gre|d |
| 020 ## - ISBN | |
| ISBN | 9789606454004 |
| 040 ## - ΠΗΓΗ ΚΑΤΑΛΟΓΟΓΡΑΦΗΣΗΣ | |
| Φορέας πρωτότυπης καταλογογράφησης | MC Athens Campus Library |
| Γλώσσα καταλογογράφησης | Ελληνικά, Μοντέρνα (1453-) |
| Modifying agency | MC Athens Campus Library |
| 041 1# - ΓΛΩΣΣΑ | |
| Κωδικός γλώσσας πρωτότυπου | Αγγλικά |
| 100 ## - MAIN ENTRY--PERSONAL NAME | |
| Personal name | Godin, Seth |
| 9 (RLIN) | 10172 |
| 240 10 - ΟΜΟΙΟΜΟΡΦΟΣ ΤΙΤΛΟΣ | |
| Ομοιόμορφος τίτλος | Practice. |
| Language of a work | Ελληνικά |
| 245 12 - ΤΙΤΛΟΣ ΚΑΙ ΔΗΛΩΣΗ ΥΠΕΥΘΥΝΟΤΗΤΑΣ | |
| Τίτλος | Η δημιουργικότητα είναι επιλογή / |
| Statement of responsibility, etc. | Seth Godin ; μετάφραση Δάφνη Παπαδούδη |
| 250 ## - EDITION STATEMENT | |
| Edition statement | 1η έκδ. |
| 264 #1 - PRODUCTION, PUBLICATION, DISTRIBUTION, MANUFACTURE, AND COPYRIGHT NOTICE | |
| Place of production, publication, distribution, manufacture | Αθήνα : |
| Name of producer, publisher, distributor, manufacturer | Κλειδάριθμος, |
| Date of production, publication, distribution, manufacture, or copyright notice | 2023 |
| 300 ## - PHYSICAL DESCRIPTION | |
| Extent | 246 σ. ; |
| Διαστάσεις | 21 εκ. |
| 500 ## - GENERAL NOTE | |
| Γενική σημείωση | Το κείμενο είναι μεταφρασμένο από τα αγγλικά. |
| 520 ## - SUMMARY, ETC. | |
| Summary, etc. | Η μαγεία της δημιουργικής διαδικασίας είναι ότι δεν υπάρχει μαγεία. Εμπιστεύεστε αρκετά τον εαυτό σας ώστε να παρουσιάσετε στον κόσμο τη δημιουργική σας δουλειά; Σήμερα η δημιουργικότητα είναι σημαντικότερη από ποτέ. Απαιτείται από τον καθένα και την καθεμία από εμάς να είναι δημιουργικός/-ή, να έχουμε δηλαδή την ικανότητα να παράγουμε πρωτότυπες σκέψεις κατά βούληση. Την ίδια στιγμή, επικρατεί η αντίληψη ότι η δημιουργικότητα είναι ένα δώρο, κάτι μυστηριώδες το οποίο μια μούσα χαρίζει σε ορισμένους επιλεγμένους ανθρώπους. Ανοησίες. Η δημιουργικότητα είναι επιλογή. Κεντρικό στοιχείο της δημιουργικότητας είναι η εμπιστοσύνη - στον εαυτό μας, στο κοινό μας και στη δουλειά μας. Δεν υπάρχει συγκεκριμένη συνταγή επιτυχίας για τη δημιουργική δουλειά. Ωστόσο, υπάρχει ένα μοτίβο που υιοθετούν όλοι οι επιτυχημένοι δημιουργικοί άνθρωποι: η αφοσίωση σε μία συνεχή πρακτική δημιουργικότητας. Με αφετηρία τα πρωτοποριακά εργαστήρια Akimbo, ο θρυλικός συγγραφέας Seth Godin καταστρώνει έναν χάρτη για το ταξίδι που επιλέγει να ακολουθήσει κάθε καλλιτέχνης, συγγραφέας, δημιουργός και επιχειρηματίας. Με το βιβλίο αυτό παροτρύνει σε δράση όλους όσοι αγωνίζονται να βρουν τη φωνή τους, να αλλάξουν την κουλτούρα και να παράγουν έργο, το οποίο να ασκεί επίδραση και να τους/τις κάνει περήφανους/-ες. Μια συναρπαστική υπενθύμιση, σχεδιασμένη να τη διαβάζετε ξανά και ξανά, ότι η προσπάθεια αξίζει, παρότι τα αποτελέσματα δεν είναι εγγυημένα. |
| 650 #0 - SUBJECT ADDED ENTRY--TOPICAL TERM | |
| Topical term or geographic name entry element | Διοίκηση Επιχειρήσεων |
| 9 (RLIN) | 9939 |
| 650 #0 - SUBJECT ADDED ENTRY--TOPICAL TERM | |
| Topical term or geographic name entry element | Μάρκετινγκ |
| 9 (RLIN) | 9973 |
| 700 ## - ΠΡΟΣΘΕΤΗ ΑΝΑΓΡΑΦΗ--ΦΥΣΙΚΟ ΠΡΟΣΩΠΟ | |
| Personal name | Παπαδούδη, Δάφνη |
| Σχέση | Μεταφραστής |
| 9 (RLIN) | 10173 |
| 942 ## - ADDED ENTRY ELEMENTS (KOHA) | |
| Koha item type | Books |
| Τύπος τεκμηρίου | Βιβλιοθήκη | Τρέχουσα τοποθεσία | Barcode | Αριθμός εισαγωγής | Ημερομηνία απόκτησης | Ταξιθετικό σύμβολο | Αριθμός αντιτύπου | Κατάσταση απόσυρσης | Κατάσταση χαμένου | Κατάσταση κατεστραμμένου | Μη δανεισμός | Σύνολο δανεισμών | Ημερομηνία τελευταίας εμφάνισης | Η τιμή ισχύει από |
|---|---|---|---|---|---|---|---|---|---|---|---|---|---|---|
| Books | MC Athens Campus Library | MC Athens Campus Library | 9780000099853 | 8184 | 09/12/2025 | 153.35 GOD | 1 | 09/12/2025 | 09/12/2025 |